00714nam a2200217 i 4500001000700000003000900007005001700016007000300033008004100036080001700077110002900094245008200123250001300205260004600218300002200264500004300286500007000329650003700399710002700436852003300463106845ES-MaACL20230929062532.0t|070104s1938 sp ||||1| spa d a811.134.2'362 aReal Academia Española10aEpítome de gramática de la lengua española para la primera enseñanza. a62ª ed. aZaragoza : bHeraldo de Aragón, c1938. a126 p. ; c18 cm. aBiblioteca Jacinto Martínez Lacalle. aPrecede al tit.: Instituto de España, Real Academia Española. 4aLengua española-xGramática.1 aInstituto de España. aES-MaACLjE-11485 bR.139526